ბათუმის შოთა რუსთაველის სახელმწიფო უნივერსიტეტის ბიბლიოთეკა

ქიზიყური ლექსიკონი / (ბიბ.ჩანაწერი № 53183)

000 -ლიდერი
ფიქსირებული სიგრძის საკონტროლო ველი 01186nam a2200253Ia 4500
001 - საკონტროლო ნომერი
საკონტროლო ველი 20224
003 - საკონტროლო ნომრის იდენტიფიკატორი
საკონტროლო ველი GE_BSU
005 - ბოლო ოპერაციის თარიღი და დრო
საკონტროლო ველი 20200625222250.0
008 - ფიქსირებული სიგრძის მონაცემთა ელემენტები - ზოგადი ინფორმაცია
ფიქსირებული სიგრძის საკონტროლო ველი 181216s1943||||ge |||||||||||||| ||geo||
040 ## - კატალოგიზაციის წყარო
Transcribing agency GE_BSU
041 ## - ენის კოდი
Language code of text/sound track or separate title geo
080 ## - უნივერსალური ათობითი კლასიფიკაციის ინდექსი
Universal Decimal Classification number 81'374(038)=353.1'282
100 ## - მთავარი ჩანაწერი - პიროვნების სახელი
Personal name მენთეშაშვილი, სტეფანე
9 (RLIN) 8830
245 ## - ცნობა სათაურის შესახებ
Title ქიზიყური ლექსიკონი /
Statement of responsibility, etc სტეფანე მენთეშაშვილი ; რედ. ვ. თოფურია.
264 ## - წარმოების, გამოცემის, დისტრიბუციის და სხვა ცნობები
გამოცემის, წარმოების, დისტრიბუციის... ადგილი თბილისი :
გამოცემის, წარმოების, დისტრიბუციის... სახელწოდება საქ. მეცნ. აკად. გამ-ბა,
გამოცემის, წარმოების, დისტრიბუციის... თარიღი 1943.
300 ## - ფიზიკური აღწერა
Extent 304 გვ. ;
Dimensions 21სმ.
500 ## - ზოგადი შენიშვნა
General note წანართი : შემოკლებანი გვ. I-III
500 ## - ზოგადი შენიშვნა
General note დანართი : ინფორმატორები გვ. 298-301
520 ## - SUMMARY, ETC.
Summary, etc გაშლილ თავფურც. სათაური რუსულ და ინგლისურ ენებზე.
653 ## - INDEX TERM--UNCONTROLLED
Uncontrolled term ქიზიყური ლექსიკონი
700 ## - ADDED ENTRY--PERSONAL NAME
Personal name თოფურია, ვ.
Relator term რედაქტორი
9 (RLIN) 1040
942 ## - ADDED ENTRY ELEMENTS (KOHA)
Koha item type წიგნი
Source of classification or shelving scheme
ეგზემპლარები
ჩამოწერის სტატუსი დაკარგული ეგზემპლარის სტატუსი კლასიფიკაციის წყარო ან თაროზე გაწყობის სქემა დაზიანების სტატუსი არ გაიცემა მუდმივი მდებარეობა (დაცვის ადგილი) ამჟამინდელი ადგილსამყოფელი თაროზე განთავსების ადგილი შეძენის თარიღი ღირებულება, შესყიდვის ნორმალური ფასი სრული შენახვის შიფრი შტრიხკოდი ბოლო ოპერაციის თარიღი ეგზემპლარის მიმდევრობითი ნომერი (კეტერი?) ფასის ძალაში შესვლის თარიღი ეგზემპლარის სახეობა საჯარო შენიშვნა
          ბათუმის შოთა რუსთაველის სახელმწიფო უნივერსიტეტის მთავარი ბიბლიოთეკა ბათუმის შოთა რუსთაველის სახელმწიფო უნივერსიტეტის მთავარი ბიბლიოთეკა წიგნსაცავი 2018-12-17 6.00 81'374(038)=353.1'282 52808 2018-12-17 52808 2018-12-17 წიგნი 6.00 ლ.